ბათუმის შოთა რუსთაველის სახელმწიფო უნივერსიტეტის ბიბლიოთეკა

სული დევნილი / (ბიბ.ჩანაწერი № 37512)

000 -ლიდერი
ფიქსირებული სიგრძის საკონტროლო ველი 01353nam a2200241Ia 4500
001 - საკონტროლო ნომერი
საკონტროლო ველი 3476
003 - საკონტროლო ნომრის იდენტიფიკატორი
საკონტროლო ველი GE_BSU
005 - ბოლო ოპერაციის თარიღი და დრო
საკონტროლო ველი 20250429104301.0
008 - ფიქსირებული სიგრძის მონაცემთა ელემენტები - ზოგადი ინფორმაცია
ფიქსირებული სიგრძის საკონტროლო ველი 181216s1992|||| |||||||||||||| ||geo||
040 ## - კატალოგიზაციის წყარო
Transcribing agency GE_BSU
041 ## - ენის კოდი
Language code of text/sound track or separate title geo
080 ## - უნივერსალური ათობითი კლასიფიკაციის ინდექსი
Universal Decimal Classification number 821.161 ხ-25
100 ## - მთავარი ჩანაწერი - პიროვნების სახელი
Personal name ხარაზი,მამია
9 (RLIN) 2042
245 ## - ცნობა სათაურის შესახებ
Title სული დევნილი /
Statement of responsibility, etc მამია ხარაზი; ლექსები თარგმნა ტარიელ ზოზრაშვილმა; რედაქტორი გიორგი სანადირაძე; მხატვარი გელა ფილიშვილი.
264 ## - წარმოების, გამოცემის, დისტრიბუციის და სხვა ცნობები
გამოცემის, წარმოების, დისტრიბუციის... ადგილი თბილისი :
გამოცემის, წარმოების, დისტრიბუციის... სახელწოდება გაზეთ "სიმართლის" გამოცემა
გამოცემის, წარმოების, დისტრიბუციის... თარიღი 1992.
300 ## - ფიზიკური აღწერა
Extent 190 გვ .;
Dimensions 21 სმ.
500 ## - ზოგადი შენიშვნა
General note მოგვითხრობს ანა ახმატოვას ცხოვრებასა და შემოქმედებაზე.
653 ## - INDEX TERM--UNCONTROLLED
Uncontrolled term ახმატოვა, ანა, 1889-1966
700 ## - ADDED ENTRY--PERSONAL NAME
Personal name სანადირაძე, გიორგი
Relator term რედაქტორი
9 (RLIN) 2043
700 ## - ADDED ENTRY--PERSONAL NAME
Personal name ფილიშვილი, გელა
Relator term მხატვარი
9 (RLIN) 2044
700 ## - ADDED ENTRY--PERSONAL NAME
Personal name ზოზრაშვილი, ტარიელ
Relator term მთარგმნელი
9 (RLIN) 24960
942 ## - ADDED ENTRY ELEMENTS (KOHA)
Koha item type წიგნი
Source of classification or shelving scheme
ეგზემპლარები
ჩამოწერის სტატუსი დაკარგული ეგზემპლარის სტატუსი კლასიფიკაციის წყარო ან თაროზე გაწყობის სქემა დაზიანების სტატუსი არ გაიცემა მუდმივი მდებარეობა (დაცვის ადგილი) ამჟამინდელი ადგილსამყოფელი თაროზე განთავსების ადგილი შეძენის თარიღი ღირებულება, შესყიდვის ნორმალური ფასი სრული შენახვის შიფრი შტრიხკოდი ბოლო ოპერაციის თარიღი ეგზემპლარის მიმდევრობითი ნომერი (კეტერი?) ფასის ძალაში შესვლის თარიღი ეგზემპლარის სახეობა საჯარო შენიშვნა
          ტექნოლოგიური ფაკულტეტის ბიბლიოთეკა ტექნოლოგიური ფაკულტეტის ბიბლიოთეკა წიგნსაცავი 2018-12-17 3.00 821.161 ხ-25 10399 2018-12-17 10399 2018-12-17 წიგნი 3 ლ.
          ტექნოლოგიური ფაკულტეტის ბიბლიოთეკა ტექნოლოგიური ფაკულტეტის ბიბლიოთეკა წიგნსაცავი 2018-12-17 3.00 821.161 ხ-25 10400 2018-12-17 10400 2018-12-17 წიგნი 3 ლ.
          ტექნოლოგიური ფაკულტეტის ბიბლიოთეკა ტექნოლოგიური ფაკულტეტის ბიბლიოთეკა წიგნსაცავი 2018-12-17 3.00 821.161 ხ-25 10401 2018-12-17 10401 2018-12-17 წიგნი 3 ლ.